Oil Reserve Countries Quiz Stats

 Plays Quiz Updated Oct 18, 2016

Challenge
Share
Tweet
Embed
Score 0/20 Timer 04:00
9 Plays Today
BBL Country % Correct
20,680,000,000USA
98%
137,000,000,000Iran
95.3%
115,000,000,000Iraq
94.9%
262,600,000,000Saudi Arabia
94.7%
60,000,000,000Russia
92.6%
175,200,000,000Canada
90.6%
14,800,000,000China
87.4%
10,420,000,000Mexico
79.8%
97,800,000,000United Arab Emirates
77.8%
12,620,000,000Brazil
77.6%
BBL Country % Correct
104,000,000,000Kuwait
74.2%
211,200,000,000Venezuela
65.8%
25,380,000,000Qatar
62.6%
46,420,000,000Libya
59.9%
6,510,000,000Norway
49.6%
37,200,000,000Nigeria
48.8%
12,860,000,000Algeria
46.8%
30,000,000,000Kazakhstan
43.7%
7,000,000,000Azerbaijan
24.4%
9,500,000,000Angola
19.9%

You're not logged in!

Compare scores with friends on all Sporcle quizzes.
OR
Log In

You Might Also Like...

Show Comments

Extras

Top Quizzes Today


Score Distribution

Your Account Isn't Verified!

In order to create a playlist on Sporcle, you need to verify the email address you used during registration. Go to your Sporcle Settings to finish the process.

Report this User

Report this user for behavior that violates our Community Guidelines.

Details: